The Cross of Christ / (Record no. 9709)
[ view plain ]
| 000 -LEADER | |
|---|---|
| fixed length control field | 00626cam a22002172 4500 |
| 001 - CONTROL NUMBER | |
| control field | 0000021533 |
| 005 - DATE AND TIME OF LATEST TRANSACTION | |
| control field | 20151217152235.0 |
| 008 - FIXED-LENGTH DATA ELEMENTS--GENERAL INFORMATION | |
| fixed length control field | 120718s xx 000 0 eng d |
| 020 ## - INTERNATIONAL STANDARD BOOK NUMBER | |
| International Standard Book Number | 1844741557 : |
| 040 ## - CATALOGING SOURCE | |
| Original cataloging agency | KABU |
| Transcribing agency | KABU |
| 100 1# - MAIN ENTRY--PERSONAL NAME | |
| Personal name | Stott, John. |
| -- | 0000149359 |
| 245 14 - TITLE STATEMENT | |
| Title | The Cross of Christ / |
| Statement of responsibility, etc. | John Stott. |
| 250 ## - EDITION STATEMENT | |
| Edition statement | 20th anniversary ed. |
| 260 ## - PUBLICATION, DISTRIBUTION, ETC. (IMPRINT) | |
| Place of publication, distribution, etc. | Nortingham, England : |
| Name of publisher, distributor, etc. | IVP, |
| Date of publication, distribution, etc. | 2006. |
| 300 ## - PHYSICAL DESCRIPTION | |
| Extent | 460 p. |
| 650 #0 - SUBJECT ADDED ENTRY--TOPICAL TERM | |
| Topical term or geographic name as entry element | Jesus Christ |
| General subdivision | Crucifiction. |
| -- | 0000168100 |
| 650 #0 - SUBJECT ADDED ENTRY--TOPICAL TERM | |
| Topical term or geographic name as entry element | Redemption. |
| -- | 0000149457 |
| 852 1# - LOCATION | |
| -- | p800 KES |
| 908 ## - PUT COMMAND PARAMETER (RLIN) | |
| Put command parameter | 120718 |
| 950 ## - LOCAL HOLDINGS (RLIN) | |
| -- | 1 |
| Withdrawn status | Lost status | Source of classification or shelving scheme | Not for loan | Home library | Current library | Date acquired | Total Checkouts | Full call number | Barcode | Date last seen | Price effective from | Koha item type |
|---|---|---|---|---|---|---|---|---|---|---|---|---|
| Library of Congress Classification | Kabarak, Main Campus | Kabarak, Main Campus | 17/12/2015 | BT453 .S76 2006 c. 1 | 013532 | 02/08/2024 | 17/12/2015 | General Collection |